000 00442nam a2200133Ia 4500
008 100328s9999 xx 000 0 und d
082 _b61084
100 _aघाणेकर माुसूदन.
245 _aदेह सांगे स्वभाव.
260 _bइंद्रायणी.
630 _aदेह सांगे स्वभाव.
730 _aदेह सांगे स्वभाव.
942 _cBOOK
999 _c547189
_d547186